00265nam a2200109Ia 4500008004100000082001000041100003600051245001700087260001700104630001700121730001700138100328s9999 xx 000 0 und d b41749 aचिखले सुरेश aगमभन bमिरा aगमभन aगमभन